Termodinámica estadística
Guardat en:
| Autor principal: | |
|---|---|
| Format: | Llibre |
| Idioma: | espanyol |
| Publicat: |
Ciudad de México
Universidad Autónoma Metropolitana
1995
|
| Matèries: | |
| Etiquetes: |
Afegir etiqueta
Sense etiquetes, Sigues el primer a etiquetar aquest registre!
|
MARC
| LEADER | 00000nam a2200000 a 4500 | ||
|---|---|---|---|
| 001 | UCP1196 | ||
| 003 | CL-VaPUC | ||
| 008 | 990401e19950000MX |||||||||||||||||spa|d | ||
| 082 | 0 | 4 | |a 536.7 |b GAR |2 21 |
| 100 | |a García-Colín Scherer, Leopoldo |e autor |9 536975 | ||
| 245 | 1 | 0 | |a Termodinámica estadística |
| 300 | |a 318 p | ||
| 942 | |c BK | ||
| 945 | |d 19990401 00:00:00 |a rbrito | ||
| 260 | |a Ciudad de México |b Universidad Autónoma Metropolitana |c 1995 | ||
| 650 | 0 | |a Termodinámica |9 259320 | |
| 650 | 0 | |a Estadística |9 259535 | |
| 650 | 0 | |a Física estadística |9 260414 | |
| 650 | 7 | |a TEORIA CINETICA DE LOS GASES |2 CL-VaPUC |9 260954 | |
| 650 | 0 | |a Mecánica estadística |9 261055 | |
| 583 | |a last modification |c 19990401 00:00:00 |k Rodrigo Vera | ||
| 999 | |c 279903 |d 279901 | ||
| 952 | |0 0 |1 0 |4 0 |6 536_700000000000000_GAR_1995 |7 0 |8 A |9 319804 |a BIBCUR |b BIBCUR |d 2019-11-20 |i 3505812 |o 536.7 GAR 1995 |p 3505812 |r 2025-04-22 |w 2019-11-20 |y BK |k FIS | ||